Cinderella - The Work Song Lyrics - Statistics

General Stats
  • This quiz has been taken 72 times
    71 since last reset
  • The average score is 79 of 157
Answer Stats
Answer % Correct
a
79%
i
79%
the
79%
Cinderelly
76%
cinderelly
76%
Do
74%
do
74%
it
68%
We
66%
we
66%
and
63%
And
63%
Make
63%
make
63%
no
63%
can
61%
so
61%
to
58%
dishes
55%
it's
55%
dress
53%
nothing
53%
There's
53%
for
50%
in
50%
In
50%
You
50%
day
47%
go
47%
help
47%
our
47%
really
47%
all
45%
be
45%
fire
45%
Night
45%
pretty
45%
Wash
45%
around
42%
get
42%
They
42%
they
42%
always
39%
her
39%
She
39%
We'll
39%
we'll
39%
women
39%
at
37%
ball
37%
circles
37%
cut
37%
Leave
37%
ribbon
37%
scissors
37%
sewing
37%
some
37%
tie
37%
time
37%
very
37%
When
37%
busy
34%
Got
34%
keep
34%
she's
34%
Still
34%
through
34%
with
34%
I'll
32%
lovely
32%
mopping
32%
sash
32%
She'll
32%
sweeping
32%
than
32%
beautiful
29%
dancing
29%
dizzy
29%
dusting
29%
goes
29%
going
29%
holler
29%
Hurry
29%
hurry
29%
me
29%
till
29%
trimming
29%
dally
26%
dilly
26%
hopping
26%
more
26%
Gotta
21%
gotta
21%
these
18%
Yes
16%
Pull
3%
No matching quizzes found
Score Distribution
Percent of People with Each Score
Percentile by Number Answered
Your Score History
You have not taken this quiz since the last reset